| 000 | 00620cam a22001697a 4500 | ||
|---|---|---|---|
| 008 | 180718b2004 xxu||||| |||| 00| 0 eng d | ||
| 020 | _a8190205803 | ||
| 082 | _aBA27X54 D354 | ||
| 245 |
_aDalit question: reforms and social justice _cedited by Bibek Debroy and D. Shyam Babu |
||
| 260 |
_aNew Delhi _bGlobus Books _c2004 |
||
| 300 | _a366p. | ||
| 650 | _aDalits --India --Economic conditions --20th century --Congresses. | ||
| 650 | _aDalits --India --Social conditions --20th century --Congresses | ||
| 650 | _aDalits --Government policy --India --Congresses | ||
| 700 | _aBabu, D. Shyam | ||
| 700 | _aDebroy, Bibek | ||
| 999 |
_c493671 _d493671 |
||